| 000 | 00634nam a22001937a 4500 | ||
|---|---|---|---|
| 003 | SISC | ||
| 005 | 20170711151425.0 | ||
| 008 | 170711b xxu||||| |||| 00| 0 eng d | ||
| 020 | _a9781138826762 | ||
| 050 |
_aRC 501.2 _b.C814 2015 |
||
| 100 | _aCornell, William F. | ||
| 245 |
_aSomatic experience in psychoanalysis and psychotherapy : _bin the expressive language of the living / _cWilliam F. Cornell. |
||
| 260 |
_aEast Sussex : _bRoutledge, _c2015. |
||
| 300 |
_a161 pages ; _c23.5 cm. |
||
| 500 | _aIncludes bibliographical references and index. | ||
| 650 | _aPsychoanalysis. | ||
| 650 | _aPsychotherapy. | ||
| 942 |
_2lcc _cBK |
||
| 999 |
_c340266 _d340266 |
||